Państwa na litery V, O, G, T - Statystyki

Ogólne statystyki
  • Ten quiz został rozwiązany 112 razy
  • Średni wynik to 20 z 25
Statystyki odpowiedzi
Hint Odpowiedź % Poprawnych
O Oman
100%
T Turcja
96%
V Vanuatu
94%
G Gruzja
91%
T Turkmenistan
90%
G Gwinea
88%
G Grecja
87%
T Tadżykistan
87%
G Gambia
83%
G Gabon
82%
G Gwinea Bissau
82%
T Togo
82%
G Gwinea Równikowa
81%
T Tunezja
79%
T Tuvalu
78%
G Gujana
77%
T Tanzania
77%
T Trynidad i Tobago
77%
G Gwatemala
73%
T Tajlandia
73%
G Ghana
70%
T Tonga
70%
G Grenada
65%
T Tajwan
62%
T Timor Wschodni
54%
Nie znaleziono quizów pasujących do podanych kryteriów
Rozkład punktacji
Procent ludzi z każdym wynikiem
Percentyl według liczby udzielonych odpowiedzi
Twoja historia wyników
Nie rozwiązałeś tego quizu